1701 1837 1281 1232 1421 1386 1661 1378 1074 1772 1107 1746 1601 1425 1476 1967 1201 1712 1314 1636 1950 1687 1139 1050 1933 1460 1723 1965 1698 1104 1595 1349 1874 1277 1005 1924 1936 1565 1677 1290 1439 1650 1957 1484 1004 1827 1660 1395 1237 1722 1586 1198 1257 1598 1379 1542 1638 1981 1806 1247 1053 1410 1250 1247 1477 1731 1615 1585 1693 1805 1070 1891 1539 1301 1336 1156 1623 1103 1370 1361 1320 1911 1021 1807 1679 1786 1960 1457 1548 1844 1307 1273 1565 1804 1728 1784 1257 1984 1190 BCNSPRNW ULIB Ver.6.0+V

เปลี่ยนเป็นภาษาไทย

Change to English
 แสดงรายละเอียดบรรณานุกรม
  กลับหน้าหลัก

Brief Record : Get Marc (ISO 2709) : E-mail record : QR code < ปิดหน้าต่าง
LEADER : 00000nam 2200000uu 4500
001    13399119972
003     ULIB
008    120817s2555||||th 000 0 tha d
020    ^a9789746522526
060  4 ^aWL101^bก768บ
100 0  ^aเกล็ดแก้ว ด่านวิวัฒน์
245 10 ^aแบบฝึกหัดประสาทกายวิภาคศาสตร์ /^cเกล็ดแก้ว ด่านวิวัฒน์
250    ^aพิมพ์ครั้งที่ 1
260    ^aกรุงเทพฯ :^bไอกรุ๊ป เพรส,^c2555
300    ^a94 หน้า :^bภาพประกอบ
505 0  ^a^tไขสันหลัง - -^tการสั่งการและการรับความรู้สึกทั่วไป - -^tสมองใหญ่และสมองน้อย - -^tการรับความรู้สึกพิเศษ - -^tระบบลิมปิก - -^tไดเอนเซฟาลอน - -^tเส้นประสาทสมอง - -^tก้านสมอง - -^tโพรงสมอง - -^tเลือดที่เลี้ยงระบบประสาทส่วนกลาง - -^tระบบประสาทส่วนกลาง - -^tระบบประสาทอัตโนมัติ - -^tเรติคูล่าร์ ฟอร์เมชั่น - -^tส่วนตัดของสมอง
650  7 ^aประสาทกายวิภาคศาสตร์^vแบบฝึกหัด
650  7 ^aประสาทกายวิภาคศาสตร์^vข้อสอบและเฉลย
856    ^a^zแบบฝึกหัดประสาทกายวิภาคศาสตร์0001.pdf (สารบัญหนังสือ)^uhttp://61.19.69.198:80/ULIB//_fulltext/Content ::/13399111000/20120702145205_4820.pdf
945    ^p75^l0^i19238
945    ^p75^l0^i19239
945    ^p75^l0^i19240
945    ^p75^l0^i19933
945    ^p75^l0^i19934
999 ^a เกษร
รายการนี้ยังไม่มีแท็ก
คุณยังไม่ได้ล็อกอิน คุณสามารถมีกิจกรรมร่วมกับเว็บไซต์ได้ แต่ต้องล็อกอินก่อน ::
  ล็อกอิน

รายการสื่อสารสนเทศ

ลำดับที่ ประเภท เลขเรียก/บาร์โค้ด สถานที่ สถานะ
1. วิทยาศาสตร์การแพทย์ และสุขภาพ
วิทยาศาสตร์การแพทย์ และสุขภาพ
สถานะ=หนังสือเก่า
WL101 ก768บ ฉ.1 
  Barcode: 19238
ห้องสมุดวิทยาเขตนครสวรรค์
►ส่วนจัดเก็บหนังสือเก่า นว.
บนชั้น
  ขอยืม
2. วิทยาศาสตร์การแพทย์ และสุขภาพ
วิทยาศาสตร์การแพทย์ และสุขภาพ
สถานะ=หนังสือเก่า
WL101 ก768บ ฉ.2 
  Barcode: 19239
ห้องสมุดวิทยาเขตนครสวรรค์
►ส่วนจัดเก็บหนังสือเก่า นว.
บนชั้น
  ขอยืม
3. วิทยาศาสตร์การแพทย์ และสุขภาพ
วิทยาศาสตร์การแพทย์ และสุขภาพ
สถานะ=หนังสือเก่า
WL101 ก768บ ฉ.3 
  Barcode: 19240
ห้องสมุดวิทยาเขตนครสวรรค์
►ส่วนจัดเก็บหนังสือเก่า นว.
บนชั้น
  ขอยืม
4. วิทยาศาสตร์การแพทย์ และสุขภาพ
วิทยาศาสตร์การแพทย์ และสุขภาพ
สถานะ=หนังสือเก่า
WL101 ก768บ ฉ.4 
  Barcode: 19933
ห้องสมุดวิทยาเขตนครสวรรค์
►ส่วนจัดเก็บหนังสือเก่า นว.
บนชั้น
  ขอยืม
5. วิทยาศาสตร์การแพทย์ และสุขภาพ
วิทยาศาสตร์การแพทย์ และสุขภาพ
สถานะ=หนังสือเก่า
WL101 ก768บ ฉ.5 
  Barcode: 19934
ห้องสมุดวิทยาเขตนครสวรรค์
►ส่วนจัดเก็บหนังสือเก่า นว.
บนชั้น
  ขอยืม

รายการใกล้เคียง
    ผู้แต่ง [เกล็ดแก้ว ด่านวิวัฒน์]

BibComment


ยังไม่เคยถูกคอมเมนท์

คอมเมนท์ทรัพยากรรายการนี้
  คอมเมนท์: แบบฝึกหัดประสาทก..


 Copyright 2026. Bcnsprnw @Library